L'inconscient comme l'autre dans le discours (notice n° 1657095)

détails MARC
000 -LEADER
fixed length control field 02040cam a2200169 4500500
005 - DATE AND TIME OF LATEST TRANSACTION
control field 20260208010542.0
041 ## - LANGUAGE CODE
Language code of text/sound track or separate title fre
042 ## - AUTHENTICATION CODE
Authentication code dc
100 10 - MAIN ENTRY--PERSONAL NAME
Personal name Juranville, Alain
Relator term author
245 00 - TITLE STATEMENT
Title L'inconscient comme l'autre dans le discours
260 ## - PUBLICATION, DISTRIBUTION, ETC.
Date of publication, distribution, etc. 2005.<br/>
500 ## - GENERAL NOTE
General note 50
520 ## - SUMMARY, ETC.
Summary, etc. L’inconscient comme l’Autre dans le discours L’inconscient, présenté par Freud dans le discours de la science, conduit, parce que cet inconscient est l’Autre, à dépasser le discours de la science. Mais l’inconscient, proclamé comme l’Autre par Lacan, et comme Autre dont le discours propre est le discours de la psychanalyse, conduit de même, parce que ce discours ne peut s’assurer sa reconnaissance et existence sociale, à dépasser le discours de la psychanalyse. Toutefois l’inconscient ne peut être établi définitivement dans le monde social que par le discours de la philosophie, ce discours trouvant, dans l’affirmation de l’inconscient, son accomplissement qui est alors, en même temps que celui de la justice, celui de la rédemption.
520 ## - SUMMARY, ETC.
Summary, etc. The unconscious as the « Other » in the discourse The unconscious, as presented by Freud in the discourse of science, leads one to pass the discourse of science, since such an unconscious is the « Other ». But the unconscious, as hailed by Lacan as the « Other », as an « Other » whose discourse is that of psychoanalysis, also leads to pass the discourse of psychoanalysis, since it is in no way to be granted for sure of its social existence and acknowledgement. Yet the unconscious cannot be established in the social world but by the discourse of philosophy, such a discourse finding its accomplishment in the positive assertion of the unconscious, the latter being at the same time that of justice and redemption.
786 0# - DATA SOURCE ENTRY
Note Revue philosophique de la France et de l'étranger | 130 | 2 | 2005-06-01 | p. 149-161 | 0035-3833
856 41 - ELECTRONIC LOCATION AND ACCESS
Uniform Resource Identifier <a href="https://shs.cairn.info/revue-philosophique-2005-2-page-149?lang=fr&redirect-ssocas=7080">https://shs.cairn.info/revue-philosophique-2005-2-page-149?lang=fr&redirect-ssocas=7080</a>

Pas d'exemplaire disponible.

PLUDOC

PLUDOC est la plateforme unique et centralisée de gestion des bibliothèques physiques et numériques de Guinée administré par le CEDUST. Elle est la plus grande base de données de ressources documentaires pour les Étudiants, Enseignants chercheurs et Chercheurs de Guinée.

Adresse

627 919 101/664 919 101

25 boulevard du commerce
Kaloum, Conakry, Guinée

Réseaux sociaux

Powered by Netsen Group @ 2025